000 00545nam a2200181 4500
001 135899
003 ES-MaACL
005 20240430132832.0
007 t|
008 070214s1973 sp r ||||1| spa d
100 1 _aRoussel, Raymond.
_9100072
245 1 0 _aCómo escribí algunos libros míos /
_cRaymond Roussel ; traducción de Pedro Gimferrer.
260 _aBarcelona :
_bTusquets,
_c1973.
300 _a66 p. ;
_c18 cm.
700 0 _aGimferrer, Pere,
_d1945-
_957102
852 _aES-MaACL
_jC-53367
_bR.86376
999 _c135899
_d135899